Capitals of Countries that Begin with M - Statistics

General Stats
  • This quiz has been taken 192 times
  • The average score is 13 of 17
Answer Stats
Hint Answer % Correct
Mexico Mexico City
99%
Monaco Monaco
97%
Morocco Rabat
96%
Malaysia Kuala Lumpur
93%
Moldova Chișinǎu
86%
Malta Valletta
85%
Maldives Malé
84%
Montenegro Podgorica
84%
Madagascar Antananarivo
82%
Mongolia Ulaanbaatar
74%
Mozambique Maputo
73%
Mali Bamako
72%
Malawi Lilongwe
72%
Mauritius Port Louis
69%
Myanmar Naypyidaw
63%
Mauritania Nouakchott
59%
Marshall Islands Majuro
58%
No matching quizzes found
Score Distribution
Percent of People with Each Score
Percentile by Number Answered
Your Score History
You have not taken this quiz